| 000 | 00470nam a22001817a 4500 | ||
|---|---|---|---|
| 003 | NUST - PNEC | ||
| 005 | 20170116180950.0 | ||
| 008 | 150908b xxu||||| |||| 00| 0 eng d | ||
| 020 | _a0130896411 | ||
| 040 | _cLIBRARY | ||
| 082 | _a621.3815 TOC | ||
| 100 |
_99077 _aTocci, Ronald J. |
||
| 245 |
_aDigital systems: Principles & applications _cRonald J. Tocci |
||
| 250 | _a8th ed. | ||
| 260 | _cc.2001 | ||
| 650 |
_99079 _aDigital Systems _xEL,EE |
||
| 942 |
_2ddc _cBK |
||
| 999 |
_c66377 _d66377 |
||